| 000 | 00547nam a2200169 a 4500 | ||
|---|---|---|---|
| 001 | 000036377 | ||
| 005 | 20200930075710.0 | ||
| 008 | 120116s1988 sp a 000 0 spa d | ||
| 040 |
_aDO-SdBNP _bspa _cBNPHU |
||
| 082 |
_axxxx _bH313c |
||
| 100 | 1 |
_aHarris, Cynthia _962567 |
|
| 245 | 1 | 0 |
_aCiencias básicas para enfermeria : _bbiofísica y bioquímica / _cCynthia Harris ; prólogo Holgate. |
| 260 |
_aBarcelona : _bDoyma, _c1988. |
||
| 300 |
_a225 p. : _bil. ; _c22 cm. |
||
| 500 | _aIncluye índice de materias. | ||
| 700 | 1 | 2 |
_aHolgate, _epról. _962568 |
| 999 |
_c35868 _d35868 |
||